Entrepreneurship (Record no. 12643)

MARC details
000 -LEADER
fixed length control field 00257nam a22000977a 4500
008 - FIXED-LENGTH DATA ELEMENTS--GENERAL INFORMATION
fixed length control field 240902b |||||||| |||| 00| 0 eng d
020 ## - INTERNATIONAL STANDARD BOOK NUMBER
International Standard Book Number 9789351611721
100 ## - MAIN ENTRY--PERSONAL NAME
Personal name Bhatia R C
9 (RLIN) 7797
245 ## - TITLE STATEMENT
Title Entrepreneurship
260 ## - PUBLICATION, DISTRIBUTION, ETC. (IMPRINT)
Place of publication, distribution, etc. New Delhi
Name of publisher, distributor, etc. Sultan Chand & Sons
Date of publication, distribution, etc. 2020
Holdings
Withdrawn status Lost status Source of classification or shelving scheme Damaged status Koha normalized classification for sorting Not for loan Home library Current library Shelving location Date acquired Total Checkouts Full call number Barcode Date last seen Price effective from Koha item type
    Dewey Decimal Classification   BHA_338_040000000000000   Good Samaritan School Library Good Samaritan School Library Economics 09/02/2024   BHA338.04 BHA17913 09/02/2024 09/02/2024 BOOK

Powered by Koha